000 00199nam a2200085Ia 4500
008 120527s9999 xx 000 0 und d
100 _aAustler, J. carol
245 _aThe sociology of work
942 _cBK
999 _c27708
_d27708